Sie7e : una novela para armar /

Detalles Bibliográficos
Autor principal: Jarrín B., Humberto (Autor)
Formato: Electrónico eBook
Lenguaje:español
Publicado: Cali, Valle del Cauca, Colombia : Universidad Autónoma de Occidente, 2024.
Materias:
Acceso en línea:Digitalia Hispánica

MARC

LEADER 00000nam a2200000Ii 4500
001 DIGUAOCCTE0118
003 NyNyDIG
006 m o d
007 cr |||||||||||
008 250417s2024 ck o 000 f spa d
035 |a (OCoLC)1510038181 
040 |a DGITA  |b eng  |e rda  |e pn  |c DGITA 
020 |z 9789588994239 
050 1 4 |a PQ8180.2.A77 ebook 
100 1 |a Jarrín B., Humberto.,  |e author. 
245 1 0 |a Sie7e :  |b una novela para armar /  |c Humberto Jarrín Ballesteros. 
246 3 |a Siete 
246 3 |a 7  
264 1 |a Cali, Valle del Cauca, Colombia :  |b Universidad Autónoma de Occidente,  |c 2024. 
300 |a 1 online resource. 
336 |a text  |b txt  |2 rdacontent 
337 |a computer  |b c  |2 rdamedia 
338 |a online resource  |b cr  |2 rdacarrier 
347 |a text file  |2 rdaft 
347 |b PDF 
588 0 |a Online resource; title from PDF title page (Digitalia, viewed April 17, 2025) 
655 7 |a Fiction.  |2 lcgft 
776 0 8 |i Print version:  |a Jarrín B., Humberto.  |t Siete.  |d Cali, Valle del Cauca, Colombia : Universidad Autónoma de Occidente, 2024  |z 9789588994239 
791 2 |a Digitalia (Firm),  |e distributor. 
793 0 |g Digitalia eBook Collection:  |a Universidad Autónoma de Occidente 
856 4 0 |3 Digitalia Hispánica  |u https://www.digitaliapublishing.com/a/171307/ 
910 |a Premium collection: 2025